000 00748nam a22002177a 4500
003 0
005 20160609165300.0
008 100118t xxu||||| |||| 00| 0 eng d
040 _aBUAC
_bF
_cBEPAC
082 _a27.ABM/ADE
100 _aAdediran ,Y Amal
_92858
245 _aImpact des antioxydants (vitamines C et E) sur le stress oxydatif induit par le chlorure de cadmium chez le lapin mâle (oryctolagus cuniculus) élevé en cage au Bénin
260 _aEPAC
_bBIBLIO
_c2007-2008
300 _aII-99p
_c29cm
500 _aMem Ecole Polytechnique d'Abomey-Calavi 2008
650 _aSTRESS ANTIOXYDANT
_92859
650 _a LAPIN
_92859
700 _aHounsounnou, M. Sylvain
_911540
700 _aSantos , A. Estas
_911541
942 _cTHE
999 _c46736
_d46736